|
|
|
|
| LEADER |
01362nam a2200277 a 4500 |
| 001 |
30607532 |
| 008 |
091207s1992 gw b 000 0 eng d |
| 020 |
|
|
|a 3881565485
|
| 040 |
|
|
|a DJB
|c DJB
|d AZS
|d BD-DhAAL
|
| 082 |
0 |
0 |
|a 338.9
|2 21
|
| 245 |
0 |
0 |
|a Self-help groups as financial intermediaries :
|b a training manual for self-help groups, banks and NGOs /
|c Hans Dieter Seibel.
|
| 260 |
|
|
|a Saarbrücken ;
|a Fort Lauderdale :
|b Breitenbach,
|c 1992.
|
| 300 |
|
|
|a vi, 228 p. ;
|c 21 cm.
|
| 490 |
1 |
|
|a Kölner Beiträge zur Entwicklungsländerforschung,
|x 0931-3729 ;
|v Bd. 16 =
|a Cologne development studies
|
| 504 |
|
|
|a Includes bibliographical references (p. 225-228).
|
| 541 |
1 |
|
|e 00004844
|
| 650 |
|
0 |
|a Banks and banking
|z Developing countries.
|
| 650 |
|
0 |
|a Self-help groups
|z Developing countries.
|
| 650 |
|
0 |
|a Non-governmental organizations
|z Developing countries.
|
| 650 |
|
0 |
|a Credit
|z Developing countries.
|
| 650 |
|
0 |
|a Intermediation (Finance)
|z Developing countries.
|
| 700 |
1 |
|
|a Seibel, Hans Dieter.
|
| 830 |
0 |
|
|a Kölner Beiträge zur Entwicklungsländerforschung ;
|v Bd. 16.
|
| 852 |
4 |
|
|a Ayesha Abed Library
|j General Shelf.
|
| 999 |
|
|
|c 6099
|d 6099
|
| 952 |
|
|
|0 0
|1 0
|2 ddc
|4 0
|6 338_900000000000000_SEL_1992
|7 0
|9 6086
|a BRACUL
|b BRACUL
|c GEN
|d 2009-12-15
|g 0.00
|l 0
|o 338.9 SEL
|p 3010004844
|r 2009-12-15
|t 1
|w 2009-12-15
|y BK
|x No price found in the accession register.
|